Normal view
MARC view
Entry Personal Name
001 - CONTROL NUMBER
- control field: 78669
003 - CONTROL NUMBER IDENTIFIER
- control field: dpl
005 - DATE AND TIME OF LATEST TRANSACTION
- control field: 20250225122319.0
008 - FIXED-LENGTH DATA ELEMENTS
- fixed length control field: 250225|| aca||aabn | a|a d
040 ## - CATALOGING SOURCE
- Original cataloging agency: dpl
- Transcribing agency: dpl
100 ## - HEADING--PERSONAL NAME
- Personal name: Pandey , Ravi N
670 ## - SOURCE DATA FOUND
- Source citation: Work cat.: (dpl)209726: Pandey , Ravi N., Amazing Biology Projects /, 2024
